| 000 | 00811nam a2200205Ii 4500 | ||
|---|---|---|---|
| 003 | JO-AjNU | ||
| 008 | 230605s9999||||xx |||||||||||||| ||und|| | ||
| 017 | _a2010/5/1432 | ||
| 040 |
_aJO-AjNU _bara _erda _cJO-AjNU |
||
| 041 | _aara | ||
| 050 | 1 | 4 | _aDS154.52.R532.H67 2010 |
| 100 | 3 |
_aاعداد وتقديم الحوراني، أحمد عبد الرحيم, _eauthor _929522 |
|
| 245 | 0 | 0 | _aرئيس الوزراء السابع في العهد الأردني الرابع: سمير زيد الرفاعي، الجزء الأول |
| 264 | 3 | 1 | _aاربد: المؤلف، 2010 |
| 300 | _aج1، 547ص | ||
| 336 |
_atext _btxt _2rdacontent |
||
| 337 |
_aunmediated _bn _2rdamedia |
||
| 338 |
_avolume _bnc _2rdacarrier |
||
| 650 | 4 |
_aالاردن-تاريخ- رئيس الوزراء سمير الرفاعي _929523 |
|
| 999 |
_aA11590 _c15158 _d15158 |
||